[Event "Interpolis-03"]
[Site "Tilburg"]
[Date "1979.11.07"]
[Round "6"]
[White "Spassky, Boris Vasilievich"]
[Black "Hort, Vlastimil"]
[Result "1/2-1/2"]
[WhiteElo "2640"]
[BlackElo "2600"]
[Annotator "Ftacnik,L"]
[PlyCount "44"]
[EventDate "1979.11.01"]
[EventType "tourn"]
[EventRounds "11"]
[EventCountry "NED"]
[EventCategory "15"]
[SourceTitle "MCL"]
[Source "ChessBase"]
[SourceDate "1999.07.01"]
[SourceVersion "1"]
[SourceVersionDate "1999.07.01"]
[SourceQuality "1"]

1. d4 Nf6 2. c4 e6 3. Nc3 Bb4 4. e3 c5 5. Bd3 Nc6 6. Nf3 Bxc3+ 7. bxc3 d6 8. e4
e5 9. d5 Ne7 10. Nh4 (10. Nd2 $142 {Petrosian}) 10... h6 11. f4 Ng6 (11... exf4
$2 12. Bxf4 g5 13. e5 $1 $40) 12. Nxg6 $8 (12. Nf5 Bxf5 13. exf5 Nxf4) 12...
fxg6 13. O-O (13. fxe5 dxe5 {Spassky-Fischer/Reykjavik Wch/1972}) 13... O-O 14.
Rb1 (14. f5 $5) 14... b6 (14... Rb8 $5) (14... Qe7 $5) 15. Rb2 Qe7 16. h3 Bd7
17. f5 gxf5 (17... g5 $5 $10 18. g4 {/\h3-h4}) 18. exf5 e4 $1 19. Re2 Qe5 $13
20. Qe1 Bxf5 21. Bf4 Qe7 22. Bg5 $1 $8 (22. Bg5 hxg5 23. Rxf5) 22... Qd7 (22...
Qd7 23. Bxf6 Rxf6 24. Bxe4) 1/2-1/2

[Event "Interpolis-03"]
[Site "Tilburg"]
[Date "1979.11.02"]
[Round "2"]
[White "Smyslov, Vassily V"]
[Black "Sosonko, Gennadi"]
[Result "1/2-1/2"]
[WhiteElo "2560"]
[BlackElo "2535"]
[Annotator "Ftacnik,L"]
[PlyCount "85"]
[EventDate "1979.11.01"]
[EventType "tourn"]
[EventRounds "11"]
[EventCountry "NED"]
[EventCategory "15"]
[SourceTitle "MCL"]
[Source "ChessBase"]
[SourceDate "1999.07.01"]
[SourceVersion "1"]
[SourceVersionDate "1999.07.01"]
[SourceQuality "1"]

1. d4 Nf6 2. c4 e6 3. Nc3 Bb4 4. e3 c5 5. Bd3 Nc6 6. Nf3 Bxc3+ 7. bxc3 d6 8. e4
e5 9. d5 (9. h3 h6 10. Be3 Qa5 11. O-O O-O 12. Qb3 Qc7 13. Rae1 b6 14. d5 Ne7
15. Qd1 Ng6 16. Kh2 Bd7 17. g3 Nh7 18. Nd2 Qc8 19. h4 f5 20. exf5 Bxf5 21. Be2
Qd8 22. Rh1 Nf4 $15 {Portisch-Timman/Rio de Janeiro izt/1979}) 9... Ne7 10. Nh4
h6 11. g3 (11. f4 {Spassky-Fischer/Reykjavik wm/1972}) 11... g5 12. Ng2 Bh3 13.
O-O Qd7 (13... Ng6) (13... Qa5 $142 {Huebner} 14. Qb3 O-O-O 15. Rb1 Qc7 16. f3
Kb8 17. Rf2 Rhg8 18. Ne3 Bc8 19. Kf1 Rdf8 $15) 14. a4 O-O-O $13 15. f3 Kb8 16.
Rf2 Ka8 17. a5 Rhg8 $6 (17... Ne8 $142 {/\f5}) 18. Rb1 Ne8 19. Ne3 f5 $2 (19...
Qc7 $142 {/\Lc8}) 20. Rfb2 Rb8 21. exf5 Nxf5 22. Ng4 $1 $16 {/\23.Lf5, 24.Sh6,
/\23.Sf2} h5 $1 (22... Rf8 23. Nf2 Ne7 24. g4 $18) (22... Bxg4 23. fxg4 Ne7 24.
Rf2 $16) 23. Bxf5 (23. Nf2 Nh6) 23... Qxf5 24. Nh6 Qh7 25. Nxg8 Qxg8 26. Qd2
Qf7 27. Qe3 Nf6 28. Qxg5 Rg8 29. Rxb7 (29. Qe3 h4 $44) (29. Qh4 Bc8 {/\e4 +/-/
+-}) 29... Qxb7 30. Rxb7 Rxg5 31. Bxg5 Kxb7 32. Bxf6 Bf5 33. Kf2 Bd3 34. Ke3 $6
(34. g4 $1 $16) 34... Bxc4 35. Ke4 Bb3 $2 $138 (35... Be2) 36. g4 $2 (36. Bxe5
dxe5 37. Kxe5 $16) 36... Bc2+ 37. Ke3 Bg6 38. c4 $6 (38. Be7 Kc7 39. a6 $16)
38... a6 $1 $10 39. h3 Kc7 40. gxh5 Bxh5 41. f4 exf4+ 42. Kxf4 Be2 43. Ke4
1/2-1/2

[Event "NOR-ch"]
[Site "Norway"]
[Date "1980.??.??"]
[Round "5"]
[White "Sande, Oystein"]
[Black "Tiller, Bjorn"]
[Result "1-0"]
[WhiteElo "2340"]
[BlackElo "2300"]
[Annotator "Gagarin,V"]
[PlyCount "73"]
[EventDate "1980.??.??"]
[EventType "tourn"]
[EventRounds "9"]
[EventCountry "NOR"]
[EventCategory "2"]
[SourceTitle "MCL"]
[Source "ChessBase"]
[SourceDate "1999.07.01"]
[SourceVersion "1"]
[SourceVersionDate "1999.07.01"]
[SourceQuality "1"]

1. d4 Nf6 2. c4 e6 3. Nc3 Bb4 4. e3 c5 5. Bd3 Nc6 6. Nf3 Bxc3+ 7. bxc3 d6 8.
O-O e5 9. Qc2 Qe7 (9... h6 $5 $10) (9... O-O $1 10. Ng5 h6 11. Ne4 b6 12. Nxf6+
Qxf6 13. Be4 Bb7 14. dxc5 dxc5 15. Bd5 Rad8 16. e4 Na5 17. f4 (17. Rd1 Ba6 18.
Qe2 {= Csom, ECO} Bxc4 $1 $19) (17. Be3 Ba6 18. Qa4 Qe7 $15 {/\ Qe8 ><c4}) (17.
Re1 Ba6 18. Qe2 Rfe8 $15 {/\ Rd5!}) 17... exf4 18. Bxf4 Qg6 $1 $15 19. Qd3 $2
Ba6 $17 20. Qe2 Rfe8 $1 21. Rad1 $2 Rxd5 $1 $19 {Sande,O -Csom,I/Malta ol/1980/
0:1/30/}) 10. Ng5 Bd7 $6 (10... cxd4 $2 11. exd4 exd4 12. Bd2 $16) (10... Ng4
$2 11. f4 exf4 12. exf4 cxd4 13. cxd4 Ne3 14. Bxe3 Qxe3+ 15. Kh1 Qxd4 16. Rae1+
Kd7 17. Be4 $16 {Zelevinsky,A-Chepukaitis,G/Leningrad/1967/1:0/32/}) (10... h6
11. Ne4 O-O (11... Nxe4 12. Bxe4 O-O 13. dxc5 (13. Bb2 $5) (13. Rb1 exd4 14.
exd4 Qf6 15. Be3 Re8 $1 $13 {Danner,G-Vilela,J/Luzern ol/1982/1/2-1/2/23/})
13... dxc5 14. Bd5 Be6 15. e4 Rac8 16. f4 $1 (16. Be3 Na5 17. Qe2 Rfe8 18. Rfd1
b6 $10 {Keene,R-Csom,I/EU-chT Skara/1980/}) 16... exf4 17. Bxf4 Na5 18. Qd3
Rfe8 19. Rae1 b6 20. Re3 $14 {Danner,G-Spiridonov,N/Albena/1983/}) 12. Nxf6+ (
12. f4 exd4 13. Nxf6+ Qxf6 14. exd4 cxd4 15. Bb2 $1 b6 $1 16. cxd4 $1 (16. Qd2
$2 Bf5 $1 $15 {Knaak,R-Vaiser,A/Trnava/1983/0:1/41/}) 16... Nb4 17. Bh7+ $1 Kh8
18. Qb1 d5 19. a3 Nc6 20. cxd5 Ne7 21. Be4 Bb7 22. d6 Nd5 23. a4 $10 {Psakhis,
Vaiser}) 12... Qxf6 13. Be4 Na5 $1 (13... exd4 $6 14. cxd4 Be6 $6 (14... Ne7 $5
{/\ Bf5 ECO} 15. Ba3 $1 $36) 15. d5 Nb4 16. Qb1 $16 {Danner,G-Lalev,D/Albena/
1983/}) 14. dxc5 dxc5 15. Ba3 Qe7 16. Qa4 Qc7 17. Bd5 Bd7 $10 {Khasin,Ab-Buj,P/
corr/1988/0,5 (57)/}) 11. f4 O-O-O (11... exf4 $6 12. exf4 h6 13. Nf3 O-O 14.
Re1 Qd8 15. Rb1 $16 {Veltmander-Heinrich/corr/1961/}) 12. fxe5 dxe5 13. d5 Na5
14. e4 $14 h6 15. Nf3 Ne8 16. Qf2 $1 {><f7,><c5} (16. Be3 b6 $14 {Trincardi,
T-Damjanovic,M/Reggio/1972/}) 16... b6 17. Nd2 $1 Nd6 (17... f6 18. Nb3 Nb7 19.
a4 a5 20. Be3 Ned6 $6 21. Nxc5 $1 bxc5 22. Bxc5 $36) (17... Rf8 $5 18. Nb3 Nb7
19. a4 a5 20. Be3 Nc7 $14) 18. Nb3 Nab7 (18... Naxc4 $2 19. Qe2 $1 Bb5 20. a4
Ba6 21. Nd2 $18) 19. a4 f5 (19... a5 20. Be3 $16 {/\ Nc5!->}) 20. exf5 e4 21.
Re1 Qf6 22. Bf1 Qxc3 $2 (22... Qxf5 $1 $14) 23. Bb2 $1 $16 Qb4 (23... Qxb3 24.
Re3 Qb4 25. Bc3 Qb3 26. Be1 Qxe3 27. Qxe3 Bxf5 28. a5 $18) 24. a5 Nxf5 25. axb6
Qxb6 26. Ra3 Rhf8 27. Qc2 a5 28. Nxa5 $1 $40 Nxa5 29. Rea1 Nb7 $6 (29... Kb7 $5
30. Rxa5 (30. Rb1 $5 $40) 30... Ne3 31. Qc3 Rxf1+ 32. Rxf1 Nxf1 $16) (29... Nd4
30. Bxd4 cxd4 31. c5 d3 32. Qc3 $18) 30. Ra8+ $18 Kc7 31. Be5+ Nfd6 32. R8a6
Qb4 33. Rb1 Rf2 34. Qxf2 Qxb1 35. Bxd6+ Nxd6 36. Qxc5+ Kb7 37. Ra7+ 1-0

[Event "Dos Hermanas"]
[Site "Dos Hermanas"]
[Date "1997.04.01"]
[Round "1"]
[White "Gelfand, Boris"]
[Black "Short, Nigel D"]
[Result "1-0"]
[WhiteElo "2700"]
[BlackElo "2690"]
[Annotator "Gelfand,B"]
[PlyCount "73"]
[EventDate "1997.04.01"]
[EventType "tourn"]
[EventRounds "9"]
[EventCountry "ESP"]
[EventCategory "19"]
[SourceTitle "CBM 059"]
[Source "ChessBase"]
[SourceDate "1997.08.01"]
[SourceVersion "1"]
[SourceVersionDate "1997.08.01"]
[SourceQuality "1"]

1. d4 {Psakhis} Nf6 2. c4 e6 3. Nc3 Bb4 4. e3 O-O 5. Bd3 c5 6. Nf3 Nc6 7. O-O
Bxc3 8. bxc3 d6 9. e4 e5 10. d5 Ne7 11. Nh4 h6 (11... Ng6 12. Nf5 {
Yusupov-Epishin,Dortmund,1994}) 12. f3 {New move.} (12. g3 $5) (12. f4 $5 {
Psakhis} Ng6 13. Nxg6 fxg6 14. fxe5 dxe5 15. Be3 b6 16. Qf3 Qd6 17. Qg3 g5 18.
h4 g4 19. h5 Bd7 {0-1 Van der Marel,B-Evseev,D/Groningen op 1996 (40)}) (12.
Qf3 {Psakhis} Ng6 13. Nf5 Re8 14. Bd2 Bxf5 15. Qxf5 Nf4 16. Bxf4 g6 17. Qh3
exf4 18. Qxh6 Nxe4 19. Qxf4 {1-0 Hracek,Z-Stajcic,N/Kecskemet 1992 (56)}) 12...
g5 {Usual response, but I,ll prefer to have king at that moment on the queen,s
side.} 13. Nf5 Nxf5 {After 13...Bxf5 knight on e7 will very passive.} 14. exf5
Bd7 15. Bd2 (15. g4 $5) 15... Kg7 (15... Nh5 16. g3 Ng7 17. g4 f6 18. h4 Kf7
19. Kg2 Rg8 20. Rh1 Qf8 21. Qb3 b6 $14) ({Deserves attention 15...Rb8!? but
Nigel wants for very understandable reason make safer position of his K,
before he will start counterplay.} 15... Rb8 $5 {Psakhis}) 16. g4 Rh8 17. Rb1 (
17. Kg2 $5) (17. h4 {Psakhis} gxh4) 17... Rb8 18. Kg2 a6 (18... b5 $5) 19. a4
b6 $6 (19... b5 $5 20. cxb5 (20. axb5 axb5 21. h4 gxh4 22. Rh1 bxc4 23. Rxb8
Qxb8 24. Bxc4 Bb5) 20... axb5 21. Bxb5 Bxb5 22. axb5 Nxd5 23. Bxg5 Nxc3 24.
Bxd8 Nxd1 25. Rfxd1 Rhxd8 $11) (19... Qe8 $6 {Psakhis} 20. a5 Qd8 21. Rb6 {
stops blacks counterplay.}) 20. Rh1 {Last preparations before storm.} Nh7 21.
Qc2 Rb7 $6 {Maybe stronger} (21... Qe7 $142 $5 22. Be3) (21... h5 22. gxh5 Nf8
23. h4) (21... Qe8 $5 {Psakhis} 22. Ra1 b5 23. cxb5 axb5 24. axb5 Bxb5 25. c4
$14 {Stort plays too slow and soon getting big problems.}) 22. Be3 Qf6 $6 23.
h4 gxh4 24. Bf2 (24. Qf2 $5 Bxa4 $140 25. Qxh4 Qxh4 26. Rxh4 Ng5 $140 27. Bxg5
hxg5 28. f6+ Kg8 29. Rxh8+ Kxh8 30. Rh1+ Kg8 31. Bh7+ Kf8 32. Bc2) 24... Ng5
25. Rxh4 Qd8 26. Rbh1 f6 27. Be3 b5 $2 {Too late already} (27... Be8 28. Kg3
Kg8 $16) 28. axb5 axb5 29. Kg3 $1 $18 {After long preparation Gelfand doesn't
want spend time for pawns.} (29. Rb1 Qb8 30. Qb3 b4 31. Bd2) (29. cxb5 {Psakhis
} Bxb5 30. c4 Bd7 31. Kg3) 29... bxc4 30. Qh2 Nf7 (30... cxd3 31. Bxg5 (31.
Rxh6 {Psakhis} Rb2 (31... Rb8 32. Bxg5 $18) 32. Qh5 (32. Qh4) 32... Qe8 33.
Rg6+ Kf7 34. Rxf6+ $1 Ke7 35. Qxg5 $18) 31... fxg5 32. Rxh6 Rb8 33. Rh7+) 31.
Bxh6+ Kg8 (31... Nxh6 {Psakhis} 32. Rxh6 $18) 32. Be4 Be8 33. Be3 Rxh4 34. Qxh4
Kf8 35. Bh6+ Ke7 (35... Kg8 36. Bd2 Kf8 37. Qh7) (35... Nxh6 {Psakhis} 36.
Qxh6+ Rg7 37. g5 $1 $18) 36. Bg7 Kd7 37. Qxf6 1-0

[Event "Nuremberg LGA Cup 6th"]
[Site "Nuremberg"]
[Date "2009.09.05"]
[Round "5"]
[White "Jahnel, Guenther"]
[Black "Kunin, Vitaly L"]
[Result "1-0"]
[WhiteElo "2343"]
[BlackElo "2544"]
[Annotator "Gutman,L"]
[PlyCount "51"]
[EventDate "2009.09.03"]
[EventType "swiss"]
[EventRounds "7"]
[EventCountry "GER"]
[SourceTitle "EXT 2010"]
[Source "ChessBase"]
[SourceDate "2010.11.25"]
[SourceVersion "1"]
[SourceVersionDate "2010.11.25"]
[SourceQuality "1"]

1. d4 Nf6 2. c4 e6 3. Nc3 Bb4 4. Nf3 c5 5. e3 Bxc3+ 6. bxc3 d6 7. Bd3 Nc6 8.
O-O O-O ({Meist wird} 8... e5 $5 {vorgezogen}) 9. Ng5 h6 (9... e5 $5 10. f4
exd4 11. cxd4 cxd4 12. exd4 h6 13. Nf3 Bg4 $5 ({nach} 13... d5 14. h3 Re8 15.
Rb1 b6 {Jahnel-Haba, lGA 2007, ist} 16. c5 bxc5 17. dxc5 Qa5 18. Bb5 Bd7 19.
Bd2 Qxa2 20. Ra1 Qb2 21. Rb1 Qa2 22. Ra1 $11 {mit Zugwiederholung möglich}) 14.
Bb2 d5 15. c5 Ne4 $15 {, Lujambio-Rinaldi, Fernpartie 2004}) 10. Ne4 Nxe4 11.
Bxe4 Qc7 12. Bc2 ({Zu überlegen war} 12. Qe2 Na5 13. Bd2 Rb8 14. Bd3 b6 15.
Rac1 Bb7 16. e4 $11 {mit beiderseitigen Perspektiven}) 12... b6 $2 ({Die
richtige Antwort wäre} 12... Na5 13. Qd3 f5 {gewesen,} 14. e4 (14. d5 e5) 14...
cxd4 15. Qxd4 Nxc4 16. exf5 e5 17. Qg4 Rf6 $11) 13. Qd3 f5 14. e4 cxd4 $2 (
14... e5 {ist am Platze, auch wenn nach} 15. dxe5 dxe5 16. f4 Be6 17. fxe5 Rad8
18. Qg3 Bxc4 19. Bxh6 Bxf1 (19... fxe4 20. Rxf8+ Rxf8 21. Bxe4 $14) 20. Rxf1
$14 {behält Weiß die Initiative}) 15. exf5 e5 16. f6 Rxf6 17. Qh7+ Kf7 18. f4
Bb7 $4 ({Hartnäckiger geschah} 18... Be6 19. Bd2 $16) 19. Bg6+ Ke6 20. f5+ Kd7
21. Qxg7+ Ne7 22. Qxf6 dxc3 23. Qe6+ Kc6 24. Bh5 b5 25. Be3 e4 26. f6 1-0

[Event "Malmo Masters 1st"]
[Site "Malmo"]
[Date "2003.07.29"]
[Round "2"]
[White "Hellsten, Johan"]
[Black "Ahlander, Bjorn"]
[Result "1-0"]
[WhiteElo "2511"]
[BlackElo "2393"]
[Annotator "Hecht,H"]
[PlyCount "103"]
[EventDate "2003.07.28"]
[EventType "tourn"]
[EventRounds "9"]
[EventCountry "SWE"]
[EventCategory "9"]
[SourceTitle "CBM 097"]
[Source "ChessBase"]
[SourceDate "2003.11.11"]
[SourceVersion "1"]
[SourceVersionDate "2003.11.11"]
[SourceQuality "1"]

1. d4 Nf6 2. c4 e6 3. Nc3 Bb4 4. e3 c5 5. Bd3 O-O 6. Nge2 d5 7. cxd5 cxd4 8.
exd4 exd5 9. Bg5 Nc6 10. O-O Be7 11. h3 Re8 12. Re1 h6 13. Bh4 g5 14. Bg3 Be6
15. Be5 Nxe5 16. dxe5 Nd7 17. Nd4 Bf8 18. Bc2 Bg7 19. Nf3 Nf8 20. Qd4 h5 21.
Rad1 g4 22. hxg4 hxg4 23. Nh2 Qg5 24. f4 gxf3 25. Nxf3 Qg3 26. Ne2 Qg4 27. Nf4
Red8 28. Nxe6 Qxe6 29. Bb3 Rd7 30. Bxd5 Qh6 31. Qf2 Re8 32. Bb3 Rxd1 33. Rxd1
Rc8 34. Nd4 Rc7 35. Nf5 Qg5 36. Nd6 Qxe5 37. Bxf7+ Kh7 38. Ne8 Rc6 39. Nxg7
Kxg7 40. Bd5 Rf6 41. Qxa7 Rd6 42. Qd4 Ng6 43. Qxe5+ Nxe5 44. Kf2 Kf6 45. a4 Rb6
46. b3 Rb4 47. Ke2 b6 {[#]Claustrophobia. White finds a quick and easy way to
victory. [#]Klaustrophobie. Weiß findet einen schnellen und einfachen Weg zum
Sieg.} 48. Rf1+ Ke7 49. Rf5 Kd6 50. Rxe5 Kxe5 51. Bc4 {The rook is now well
and truly imprisoned; even b5 changes nothing because of axb5. Der Turm sitzt
nun fest im Kasten, woran auch b5 wegen axb5 nichts ändert.} Kd4 52. g4 (52. g4
Rxc4 53. bxc4 Kxc4 54. g5 Kd5 55. Kd3 $18) 1-0

[Event "Karditsa"]
[Site "Karditsa"]
[Date "1994.??.??"]
[Round "8"]
[White "Atalik, Suat"]
[Black "Kalesis, Nikolaos"]
[Result "1-0"]
[WhiteElo "2530"]
[BlackElo "2415"]
[Annotator "Hecht,H"]
[PlyCount "69"]
[EventDate "1994.03.??"]
[EventType "tourn"]
[EventRounds "11"]
[EventCountry "GRE"]
[EventCategory "10"]
[SourceTitle "CBM 043"]
[Source "ChessBase"]
[SourceDate "1994.12.01"]
[SourceVersion "1"]
[SourceVersionDate "1994.12.01"]
[SourceQuality "1"]

1. d4 Nf6 2. c4 e6 3. Nc3 Bb4 4. e3 c5 5. Bd3 Nc6 6. Nf3 Bxc3+ 7. bxc3 d6 8.
Qc2 e5 9. dxc5 dxc5 10. Ng5 h6 11. Ne4 Nxe4 12. Bxe4 Be6 13. Rb1 O-O 14. Rxb7
Na5 15. Rb5 Rc8 16. Bd5 Bxd5 17. cxd5 a6 18. Rb1 Qxd5 19. O-O Rfd8 20. Rb6 Rc6
21. Rxc6 Qxc6 22. Rd1 Rd7 23. Rxd7 Qxd7 24. h3 e4 25. Ba3 Qd3 26. Qa4 Qxc3 27.
Qe8+ Kh7 28. Qxe4+ Kg8 29. Qa4 Kh7 30. g4 Nc4 $2 (30... Nc6 31. Qxa6 Nb4 32.
Bxb4 Qxb4 $44) 31. Bxc5 Nd2 (31... Qe1+ 32. Kg2 Nd2 33. Qc2+ (33. Qxa6 Ne4)
33... Kg8 34. Qd3 $18) 32. Qd1 Qxc5 33. Qxd2 a5 $2 (33... Qc4 $16) 34. Qd7 $1
$18 Kg8 (34... f6 35. Qf5+ Qxf5 36. gxf5 $18) 35. Qe8+ 1-0

[Event "United Insurance 4th"]
[Site "Dhaka"]
[Date "1999.02.22"]
[Round "4"]
[White "Murshed, Niaz"]
[Black "Kunte, Abhijit"]
[Result "1-0"]
[WhiteElo "2470"]
[BlackElo "2455"]
[Annotator "Hecht,H"]
[PlyCount "175"]
[EventDate "1999.02.19"]
[EventType "tourn"]
[EventRounds "13"]
[EventCountry "BAN"]
[EventCategory "10"]
[SourceTitle "CBM 070"]
[Source "ChessBase"]
[SourceDate "1999.06.08"]
[SourceVersion "1"]
[SourceVersionDate "1999.06.08"]
[SourceQuality "1"]

1. d4 Nf6 2. c4 e6 3. Nc3 Bb4 4. e3 c5 5. Bd3 Nc6 6. Nge2 d5 7. cxd5 cxd4 8.
dxc6 dxc3 9. bxc3 Bd6 10. cxb7 Bxb7 11. Qa4+ Ke7 12. Ba3 Bxg2 13. Rg1 Bc6 14.
Qa6 Bxa3 15. Qxa3+ Qd6 16. Qxd6+ Kxd6 17. Rxg7 Ke7 18. Nd4 Rac8 19. Rb1 Ba8 20.
c4 Rhd8 21. Rg5 Be4 22. Bxe4 Nxe4 23. Rb7+ Kf6 24. Rg4 Nd6 25. Rxa7 Rxc4 26.
Rf4+ Kg6 27. Ne2 Rc6 28. Rg4+ Kf6 29. Ng3 Rb8 30. Kf1 Rb2 31. a4 Ra2 32. Rd4
Kg6 33. Rg4+ Kf6 34. Rd4 Kg6 35. Rd7 Nf5 36. Nxf5 exf5 37. R4d6+ Rxd6 38. Rxd6+
f6 {[#] T+a-Freibauer bei 3-3 am Königsflügel. Schwarz hat die Wahl zwischen
der Freibauerndeckung von vorn oder seitlich.} 39. Ra6 (39. Rd4 {[%cal Rd4f4,
Rf1b1]} Ra1+ 40. Kg2 (40. Ke2 Ra2+ 41. Kd3 Rxf2 42. Kc4 Rxh2 43. Kb5 Rh3 $132)
40... Kg5 41. Rf4 Kg6 42. Kf3 Ra2 43. Kg2 Ra1 {und der weiße König kommt nicht
zur Kasse, ohne die Bauernstruktur mit f3 zu schwächen.}) 39... Kg5 40. Kg2 Ra3
41. Ra5 Kg6 42. Kf3 Ra2 43. Ra8 Kg7 44. h3 Kg6 45. Kg3 Kg7 46. a5 Kg6 47. Kf3
Ra4 48. a6 Kh5 49. a7 Kh6 50. h4 Kg7 51. Kg2 Rg4+ 52. Kh3 Ra4 53. f3 Ra2 54.
Kg3 Ra4 55. Kf2 Ra2+ 56. Ke1 Ra1+ 57. Kd2 Ra2+ 58. Kd3 Ra3+ 59. Kd4 Ra4+ 60.
Kc5 Ra1 61. Kb5 Ra3 62. Kc4 Ra1 63. Kd5 Ra3 64. h5 Rd3+ 65. Kc4 Ra3 66. Kd4
Ra4+ 67. Kd5 Ra3 68. f4 h6 69. Re8 Rxa7 70. Ke6 Ra6+ 71. Kxf5 Ra5+ 72. Kg4 {[#]
} Kf7 (72... f5+ $1 73. Kf3 Ra2 $1 74. Re7+ Kf6 75. Rh7 Rh2 76. Rxh6+ Kg7 77.
Rg6+ Kf7 78. Rg5 (78. Ra6 Rxh5 79. Ra5 Kf6 $11) 78... Kf6 {Variantendiagramm
Weiß erreicht nichts anderes als das Endspiel T+f+h mit allerdings wesentlich
besserer Königsposition für Schwarz ==> Remis!} 79. Kg3 Re2 80. Kf3 (80. Rg6+
Kf7 81. Kh4 Rxe3 82. Kg5 Rg3+ 83. Kxf5 Ra3 $11) 80... Rh2 81. e4 fxe4+ 82. Kxe4
Rh1 $11) 73. Rb8 Rc5 (73... f5+ $1) 74. Rb7+ Kg8 75. e4 {[#]} f5+ (75... Ra5
76. Rd7 Rb5 77. Rd5 Rb7 78. Kf5 Kf7 79. Rd6 Rb5+ 80. e5 fxe5 81. fxe5 Rb1 {
[#] und Weiß steht noch die Lösung einer technischen Aufgabe bevor, die etwa
so aussehen kann:} (81... Kg7 82. Rg6+ Kh7 83. Kf6 Rb1 84. e6 Rf1+ 85. Ke7 Rf5
86. Rf6 Rxh5 87. Kf7 $18) 82. Rxh6 Rf1+ 83. Ke4 Re1+ 84. Kd5 Rd1+ 85. Kc6 Re1
86. Rf6+ $18) 76. exf5 {Jetzt steht der schwarze König so schlecht, daß eine
Rettung nicht mehr in Sicht ist.} Rc6 77. Re7 Kf8 78. Re6 Rc1 79. f6 Rh1 80.
Re7 Rb1 81. Rc7 Ra1 82. Kf5 Rh1 83. Rh7 Rh2 84. Rxh6 Kg8 85. Rg6+ Kf8 86. Rg5
Kf7 87. Rg7+ Kf8 88. Ra7 $1 {[%cal Rh5h6,Rf5e6]} 1-0

[Event "Reykjavik op"]
[Site "Reykjavik"]
[Date "1994.??.??"]
[Round "6"]
[White "Ibragimov, Ildar"]
[Black "Hjartarson, Johann"]
[Result "0-1"]
[WhiteElo "2525"]
[BlackElo "2595"]
[Annotator "Hjartarson,J"]
[PlyCount "72"]
[EventDate "1994.02.??"]
[EventType "swiss"]
[EventRounds "9"]
[EventCountry "ISL"]
[SourceTitle "CBM 040"]
[Source "ChessBase"]
[SourceDate "1994.06.01"]
[SourceVersion "1"]
[SourceVersionDate "1994.06.01"]
[SourceQuality "1"]

1. d4 Nf6 2. c4 e6 3. Nc3 Bb4 4. e3 c5 5. Bd3 Nc6 6. Nf3 Bxc3+ 7. bxc3 d6 8. e4
e5 9. h3 h6 10. Be3 b6 11. d5 (11. O-O Qc7 (11... O-O $6 12. d5 Ne7 13. Kh2 Ng6
14. g3 Nh7 $6 (14... Ne8 15. Qc2 Ne7 16. Ng1 f5 17. f4 $13) 15. Qc2 Bd7 16. Ng1
Qc8 17. Rae1 f5 18. f4 $1 fxe4 19. Bxe4 Bf5 20. Bxf5 Qxf5 21. Qxf5 Rxf5 22. g4
Rf7 23. f5 Ne7 24. a4 $16 {Ibragimov-Svendsen, Bern 1992}) 12. d5 Ne7 13. Nh4
g5 $1 14. Qf3 Nfg8 15. Nf5 Nxf5 16. exf5 Nf6 $13 {Portisch-Timman, Mar del
Plata 1982,-I 33/674}) (11. Qe2 Qc7 12. d5 Ne7 13. Nh4 g5 14. Qf3 Nfg8 15. Nf5
Nxf5 16. exf5 Nf6 17. g4 Qe7 18. Qg3 Ba6 $15 {Ibragimov,I-Serper, URS-chJ
Kherson 1991}) 11... Ne7 12. Nd2 Ng6 13. g3 O-O 14. Qc2 $5 $146 (14. Kf1 Ne8 $1
15. Kg2 Ne7 16. f3 f5 $10 {Portisch-Browne, Tilburg 1982,-I 34/668}) (14. f4 $2
exf4 15. gxf4 Nd7 16. Nf3 f5 17. exf5 Nh4 $1 $15) 14... Bd7 15. Nf1 (15. f4 $2
exf4 16. gxf4 Nh5 $17) 15... a6 $5 (15... Qc8 16. h4 Ng4 17. f3 $1 Nxe3 18.
Nxe3 $14) 16. Bd2 $1 Qc8 17. h4 (17. Ne3 $1 Bxh3 18. f3 $44) 17... Ne8 18. Ne3
Ne7 19. O-O (19. Nf5 Nxf5 20. exf5 Nf6 {/\e4} (20... b5 $15) 21. f3 (21. g4 $2
Nxg4 22. Rg1 e4 $1 23. Bxe4 Re8 24. Rxg4 (24. Kf1 Nf6 25. Bxh6 Nxe4 $19) 24...
Bxf5 25. Rf4 Bxe4 26. Rxe4 Qg4 $1 27. Rxe8+ Rxe8+ 28. Kf1 Qe2+ 29. Kg1 Re4 30.
Re1 Rg4+ 31. Kh1 Rxh4+ 32. Kg1 Qg4+ 33. Kf1 Rh1#) 21... b5 22. g4 bxc4 23. Bxc4
Bb5 24. Bxb5 axb5 25. g5 Nxd5 $15) 19... Bh3 $1 (19... f5 20. exf5 Nxf5 21.
Nxf5 Bxf5 22. Bxf5 Qxf5 23. Qxf5 Rxf5 24. f4 $15) 20. Rfe1 f5 21. exf5 Nxf5 22.
Nxf5 Bxf5 23. Rab1 $6 (23. Bxf5 Qxf5 24. Qxf5 Rxf5 25. f4 exf4 (25... b5 $5 $15
) 26. Bxf4 b5 $15) 23... b5 24. Bxf5 Qxf5 25. Qxf5 Rxf5 26. a4 (26. f4 exf4 27.
Bxf4 g5 28. hxg5 hxg5 29. Bc1 bxc4 $17) 26... bxc4 27. Rb6 a5 $1 28. Re4 (28.
Rc6 Rd8 29. Ra6 Nc7 30. Rxa5 Nxd5 $17) 28... Rf3 29. Rxc4 (29. Be3 Nf6 30. Rxc4
Rd8 $19 {/\} 31. Kg2 $2 Rxe3 $1 32. fxe3 Nxd5) 29... Rd3 30. Be3 Rxd5 $19 31.
f4 $22 (31. Kf1 Rd1+ 32. Ke2 Ra1 $19) 31... Rd3 32. Kf2 Nf6 $1 33. fxe5 Nd5 34.
Rxd6 Nxe3 35. Rxc5 Ng4+ 36. Kg2 (36. Ke2 Re3+ $19) 36... Nxe5 $1 0-1